Huellas y placas tectónicas.

Descubrimiento de huellas y huesos de dinosaurios en México. Estudios paleontológicos para determinar la edad de las muestras. La vida prehistórica en el lugar del hallazgo.

Guardado en:
Formato: Deslizar
Materias:
Etiquetas: Agregar Etiqueta
Sin Etiquetas, Sea el primero en etiquetar este registro!
LEADER 00865ngm a22002295g 4500
001 CEM.cems022813
008 130507b2007##################0###0#####d
005 20241121140734.0
245 0 0 |a Huellas y placas tectónicas. 
300 |a 25'. 
500 |a En soporte VHS, consultar en ventanilla. 
520 |a Descubrimiento de huellas y huesos de dinosaurios en México. Estudios paleontológicos para determinar la edad de las muestras. La vida prehistórica en el lugar del hallazgo. 
538 |a Soporte: VHS - Norma: Pal N - Color: Si - Grabación DRD 2007 - Hitachi=3880. 
082 9 4 |/ GEO 
653 |a PREHISTORIA 
653 |a HUELLAS 
653 |a PLACAS TECTONICAS 
653 |a PALEONTOLOGIA 
653 |a DINOSAURIOS 
653 |a NIVEL PRIMARIO 
653 |a NIVEL SECUNDARIO 
859 |a CEMS  |b BIB. CEMS - Depto. Recursos Didacticos  |h 940  |i GEO  |k DRD  |p 1456.12  |t Ej.1